Capitales du monde en charades - Statistiques

Statistiques générales
  • Ce quiz a été pris 23 fois
  • Le résultat moyen est 10 sur 90
Statistiques - réponses
Charade Capitale Décomposition Pays % Correct
Mon 1er n'est pas en prison - mon 2ème est une cité Libreville libre - ville Gabon
90%
Mon 1er est un siège - mon 2ème est associé au houx Bangui banc - gui République Centrafricaine
45%
Mon 1er n'est pas haute - mon 2ème est une planète Basseterre basse - Terre Saint-Christophe-et-Niévès
45%
Mon 1er est un détraqué anglo-saxon - mon 2ème est un signe de vieillesse Madrid mad - ride Espagne
45%
Mon 1er est un chaîne de montagnes - mon 2ème est précieux - mon 3ème est donné en musique - mon 4ème n'est pas jeune Andorre-la-Vieille Andes - or - la - vieille Andorre
35%
Mon 1er est un oiseau disparu - mon 2ème supporte les voiles Dodoma dodo - mât Tanzanie
35%
Mon 1er est un sac anglais - mon 2ème est un papa anglais Bagdad bag - dad Irak
30%
Mon 1er n'est pas haut - mon 2ème peut faire mal Bakou bas - coup Azerbaïdjan
25%
Mon 1er est agréable à regarder - mon 2ème est un jeu de société - mon 3ème est une accumulation Bogota beau - go - tas Colombie
25%
Mon 1er permet de se reposer - mon 2ème se trouve sur un voilier Lima lit - mât Pérou
25%
Mon 1er ne doit pas être confondu avec le poids - mon 2ème est un félin anglo-saxon Mascate masse - cat Oman
25%
Mon 1er pose une question - mon 2ème est pas tard Quito qui - tôt Equateur
25%
Mon 1er s'oppose au corps - mon 2ème est têtu Amman âme - âne Jordanie
20%
Mon 1er a son jour - mon 2ème est un amoncellement - mon 3ème est une fille - mon 4ème s'obtient avec mon 5ème Antananarivo an - tas - nana - ris - veau Madagascar
20%
Mon 1er est un champion - mon 2ème est un amoncellement - mon 3ème est une interjection Astana as - tas - na Kazakhstan
20%
Mon 1er un pont anglais - mon 2ème est une ville anglaise Bridgetown bridge - town Barbade
20%
Mon 1er est une surface - mon 2ème est une liaison - mon 3ème est une blague Erevan aire - et - vanne Arménie
20%
Mon 1er est une religion - mon 2ème est une voyelle - mon 3ème n'est pas good Islamabad islam - a - bad Pakistan
20%
Mon 1er est une élévation naturelle - mon 2ème est une infusion - mon 3ème peut se trouver sur YouTube Montevideo mont - thé - vidéo Uruguay
20%
Mon 1er est rose - mon 2ème est un prénom royal Port-Louis porc - Louis Maurice
20%
Mon 1er travaille à l'opéra - mon 2ème est au ras du sol Rabat rat - bas Maroc
20%
Mon 1er est sacré - mon 2ème travaille sur un bateau Saint-Marin saint - marin Saint-Marin
20%
Mon 1er est un oui d'outre-Rhin - mon 2ème est un mammifère nordique Yaren ja - renne Nauru
20%
Mon 1er est un rongeur - mon 2ème n'est pas un homme Amsterdam hamster - dame Pays-Bas
15%
Mon 1er est pleine de vieilles voitures - mon 2ème est un geste écologique Castries casse - tri Sainte-Lucie
15%
Mon 1er peut être volcanique - mon 2ème est le début d'une liste - mon 3ème peut être perçant Conakry cône - a - cri Guinée
15%
Mon 1er est un opérateur téléphonique - mon 2ème est une cité britannique Freetown Free - town Sierra Leone
15%
Mon 1er est en Normandie - mon 2ème permet d'avancer - mon 3ème est fatigué Kampala Caen - pas - las Ouganda
15%
Mon 1er est une destruction - mon 2ème est une servante Lisbonne lyse - bonne Portugal
15%
Mon 1er est souvent en bois - mon 2ème est une note de musique - mon 3ème est esthétique Malabo mât - la - beau Guinée équatoriale
15%
Mon 1er est une interjection canine - mon 2ème peut servir d'engrais - mon 3ème peut être bon ou mauvais Ouagadougou ouah - gadoue - goût Burkina Faso
15%
Mon 1er permet de respirer - mon 2ème s'oppose à la mort - mon 3ème se donne en musique Port-Vila pore - vie - la Vanuatu
15%
Mon 1er est un sport d'adresse - mon 2ème est un recueil de mots Tirana tir - ana Albanie
15%
Mon 1er est familier - mon 2ème est une ville ensoleillée Tunis tu - Nice Tunisie
15%
Mon 1er est une affirmation allemande - mon 2ème est un petit marin - mon 3ème est un outil - mon 4ème est une dent Yamoussoukro ja - mousse - houe - croc Côte d'Ivoire
15%
Mon 1er précède Pacino - mon 2ème est une accélération Alger Al - g Algérie
10%
Mon 1er n'est pas moche - mon 2ème peut être fléché - mon 3ème est un oiseau Belmopan belle - mot - paon Belize
10%
Mon 1er est une affirmation russe - mon 2ème est une fraction Dakar da - quart Sénégal
10%
Mon 1er est un acte d'hygiène - mon 2ème est un imbécile - mon 3ème est un demi-nourrisson Douchanbé douche - âne - bé Tadjikistan
10%
Mon 1er coûteux - mon 2ème est une unité de temps - mon 3ème est un gros village Luxembourg luxe - an - bourg Luxembourg
10%
Mon 1er est une ondulation - mon 2ème est têtu - mon 3ème permet de frapper - mon 4ème est précieux Oulan-Bator houle - âne - batte - or Mongolie
10%
Mon 1er est un militaire - mon 2ème est un compagnon - mon 3ème est un apollon Paramaribo para - mari - beau Suriname
10%
Mon 1er se trouve dans le porte-monnaie - mon 2ème précède vient Suva sous - va Fidji
10%
Mon 1er n'est pas de bonne qualité - mon 2ème est une vache Tokyo toc - Io Japon
10%
Mon 1er peut être postal - mon 2ème est bien élevé Tripoli tri - poli Libye
10%
Mon 1er est un département - mon 2ème est un récipient - mon 3ème est une existence Varsovie Var - seau - vie Pologne
10%
Mon 1er est le début d'une liste - mon 2ème est un nombre - mon 3ème est un religieux - mon 4ème couvre les jambes Addis-Abeba a - dix - abbé - bas Ethiopie
5%
Mon 1er est une pomme - mon 2ème débute une liste Apia api - a Samoa
5%
Mon 1er est un fruit - mon 2ème est un chemin Beyrouth baie - route Liban
5%
Mon 1er peut être levé - mon 2ème est un fruit - mon 3ème est un rongeur Canberra camp - baie - rat Australie
5%
Mon 1er est une bonne pièce - mon 2ème est une bonne carte Damas dame - as Syrie
5%
Mon 1er est une particule - mon 2ème est sphérique Kaboul ka - boule Afghanistan
5%
Mon 1er est un déterminant - mon 2ème est un morceau de tissu Malé ma - lé Maldives
5%
Mon 1er est le fruit d'un miracle - mon 2ème est une concentration d'étoiles Manama manne - amas Bahreïn
5%
Mon 1er est un musulman - mon 2ème rafraîchit - mon 3ème est douillet Moroni maure - eau - nid Comores
5%
Mon 1er est une brindille - mon 2ème peut être orné d'un collier Moscou Moss - cou Russie
5%
Mon 1er est un refuge - mon 2ème est une initiale - mon 3ème appartient au printemps Niamey nid - a - mai Niger
5%
Mon 1er est une capitale familière - mon 2ème débute une démonstration Panama Paname - a Panama
5%
Mon 1er sent mauvais - mon 2ème suit Charles Pékin pet - quint Chine
5%
Mon 1er est un orifice - mon 2ème est une figure d'héraldique - mon 3ème est utile au boucher - mon 4ème aime tous les genres Port Moresby pore - maure - esse - bi Papouasie-Nouvelle-Guinée
5%
Mon 1er est un petit chemin - mon 2ème est une affirmation germanique - mon 3ème est un jeu Santiago sente - ja - go Chili
5%
Mon 1er est une boisson - mon 2ème est perdu Téhéran thé - errant Iran
5%
Mon 1er commence l'alphabet - mon 2ème est une statue - mon 3ème est un vieux vélo Abou Dabi a - bouddha - bi Emirats arabes unis
0%
Mon 1er est un outil - mon 2ème est à moitié sénile - mon 3ème est un bâton Achgabat hache - ga - batte Turkménistan
0%
Mon 1er est une interjection téléphonique - mon 2ème est une interjection littéraire Alofi allô - fi Niue
0%
Mon 1er est une pige - mon 2ème est une pige Ankara an - carat Turquie
0%
Mon 1er gêne la respiration - mon 2ème est un oiseau Asmara asthme - ara Erythrée
0%
Mon 1er permet de départager - mon 2ème est une unité de mesure Belgrade belle - grade Serbie
0%
Mon 1er supporte un bateau - mon 2ème est une plante Berlin ber - lin Allemagne
0%
Mon 1er est un cervidé - mon 2ème est un gâteau anglais Bichkek biche - cake Kirghizistan
0%
Mon 1er est pâle - mon 2ème donne de l'eau Bloemfontein blême - fontaine Afrique du Sud (capitale judiciaire)
0%
Mon 1er est membre de la famille - mon 2ème est un siège en cuir Bruxelles bru - selle Belgique
0%
Mon 1er est une unité de mesure - mon 2ème est puni par la loi Caracas carat - casse Venezuela
0%
Mon 1er est un climatologue - mon 2ème est un rempart normand Copenhague Köppen - hague Danemark
0%
Mon 1er est une interjection - mon 2ème est une particule Dacca da - ka Bangladesh
0%
Mon 1er est un accord - mon 2ème est droit Dili deal - i Timor oriental
0%
Mon 1er est une partie du corps - mon 2ème est une interjection Doha dos - ha Qatar
0%
Mon 1er permet le mouvement - mon 2ème permet de s'occuper Nairobi nerf - hobby Kenya
0%
Mon 1er est utile au pêcheur - mon 2ème est difficile à atteindre Nassau nasse - haut Bahamas
0%
Mon 1er est un repaire - mon 2ème est confortable Nicosie nid - cosy Chypre
0%
Mon 1er est un obstacle - mon 2ème est un prix Oslo os - lot Norvège
0%
Mon 1er permet d'avancer - mon 2ème permet de se reposer - mon 3ème permet de trinquer Palikir pas - lit - kir Micronésie
0%
Mon 1er est un abri - mon 2ème vient de la source - mon 3ème est un héritier Port-au-Prince port - eau - prince Haïti
0%
Mon 1er est apprécié en apéritif - mon 2ème est un drame chinois - mon 3ème est un petit mammifère Porto-Novo porto - no - veau Bénin
0%
Mon 1er est disposée à agir - mon 2ème est indispensable à la vie - mon 3ème est une vallée Pretoria prête - eau - ria Afrique du Sud (capitale administrative)
0%
Mon 1er est une pagaie - mon 2ème est un dieu Ramallah rame - Allah Palestine (de facto)
0%
Mon 1er peut être gluant - mon 2ème a à moitié perdu la boule Riga riz - ga Lettonie
0%
Mon 1er est une fleur - mon 2ème occupe une position supérieure Roseau rose - haut Dominique
0%
Mon 1er est une réserve - mon 2ème est une danseuse Stockholm stock - Holm Suède
0%
Mon 1er est une interjection - mon 2ème est un insecte - mon 3ème est une pige Vatican va - tique - an Vatican
0%
Aucun quiz correspondant
Distribution des résultats
% des personnes avec chaque résultat
Percentile par nombre de réponses
Votre historique - résultats
Vous n’avez pas pris ce quiz